| 000 | 01185cam a2200277 i 4500 | ||
|---|---|---|---|
| 001 | 527 | ||
| 005 | 20230517120519.0 | ||
| 008 | 140311s2013 maua c 000 1 eng | ||
| 020 | _a9780763672058 | ||
| 040 |
_aDLC _beng _erda _cDLC |
||
| 050 | 0 | 0 |
_aPZ8.D525 _bTal 2013 |
| 082 | 0 | 0 |
_a813.6 _223 |
| 100 | 1 | _aDiCamillo, Kate. | |
| 245 | 1 | 4 |
_aThe tale of Despereaux : _bbeing the story of a mouse, a princess, some soup, and a spool of thread / _cKate DiCamillo ; illustrated by Timothy Basil Ering. |
| 250 | _aExclusive collectors' edition. | ||
| 300 |
_a296 pages : _billustrations ; _c22 cm |
||
| 505 | _aM | ||
| 520 | _aThe adventures of Desperaux Tilling, a small mouse of unusual talents, the princess that he loves, the servant girl who longs to be a princess, and a devious rat determined to bring them all to ruin. Includes Kate DiCamillo's Newbery Medal acceptance speech, Q&A with Kate DiCamillo, and Q&A with Timothy Basil Ering. | ||
| 521 |
_a670
_bLexile |
||
| 521 |
_aM
_bRaz-Plus |
||
| 650 | 1 | _aFairy tales. | |
| 650 | 1 |
_aMice _vFiction. |
|
| 700 | 1 |
_aEring, Timothy B., _eillustrator. |
|
| 906 |
_a7 _bcbc _corignew _d2 _encip _f20 _gy-gencatlg |
||
| 942 |
_2ddc _cBK _n0 |
||
| 999 |
_c527 _d527 |
||